00397nam a2200145Ia 4500003000400000005001700004008004100021040000900062082001700071100003200088245006400120260003600184300000900220650002200229OSt20200609102428.0190216s9999||||xx |||||||||||||| ||und|| coclc a320.9bDUN/R aDunning, William Archibald  0aRashtriya Sidhandha Charithram /cWilliam Archibald Dunning bKerala Bhasha Institute,c1974. a338p aPolitical Science